000 00271 a2200097 4500
020 _a9788199141278
100 _aKottayam Pushpanath
245 _aMafia secret(മാഫിയ സീക്രട്ട്)
260 _bKottayam Pushpanath publications
_c2026
942 _cOO
999 _c115807
_d115806